Loading...
| BB | 1 | 5 | 3 | 1 | 50 | 70 | 115.83 | 1 | 6 | 0.00 | 0.00 |
| TR | 0 | 3 | 2 | 1 | 20 | 115 | 127.67 | 1 | 3 | 0.00 | 0.00 |
| RC | 0 | 2 | 0 | 0 | 20 | 96 | 100.50 | 0 | 2 | 0.00 | 0.00 |
| MB | 0 | 2 | 1 | 1 | 15 | 78 | 104.00 | 1 | 2 | 0.00 | 0.00 |
| AW> | 0 | 1 | 0 | 0 | 10 | 112 | 112.00 | 0 | 1 | 0.00 | 0.00 |
| AW | 0 | 1 | 0 | 0 | 10 | 129 | 129.00 | 0 | 1 | 0.00 | 0.00 |
| AR | 0 | 1 | 1 | 0 | 5 | 131 | 131.00 | 0 | 1 | 0.00 | 0.00 |
| AG | 0 | 2 | 3 | 1 | 5 | 127 | 127.50 | 0 | 2 | 0.00 | 0.00 |
| AG | mountain climbing | -5 | 62 |
| AG | body mass index | -5 | 66 |
| TR | Jim Brown | -5 | 67 |
| BB | Liouville's theorem | 15 | 70 |
| BB | cones | -5 | 74 |
| MB | baldness | 10 | 78 |
| BB | obstructive sleep apnea | -5 | 94 |
| RC | Rokeby Venus | 10 | 96 |
| MB | Iris | -5 | 101 |
| RC | “The Custom-House” | 10 | 105 |